| 000 | 00904nam a22002657a 4500 | ||
|---|---|---|---|
| 001 | 0061953 | ||
| 003 | KOHA_MİRAKIL | ||
| 005 | 20260207004355.0 | ||
| 007 | ta | ||
| 008 | 180226b1995 tu |||gr||||#0|||1|eng | | ||
| 040 |
_aTR-BiSEU _btur _cTR-BiSEU _erda |
||
| 041 | 0 | _aeng | |
| 044 | _ctu | ||
| 050 |
_aPE1128.A2 _bE54 1995 |
||
| 245 | 0 |
_aCreative classroom activities : _b selected articles from the english teaching forum 1989-1993/ _ceditor Thomas Kral. |
|
| 264 | 1 |
_aWashington D.C. : _bEnglish Language Programs Division United States Information Agency _c1995 |
|
| 300 | _a163 pages: illustrations; 27 cm. | ||
| 336 |
_ametin _btxt _2rdacontent |
||
| 337 |
_aaracısız _bn _2rdamedia |
||
| 338 |
_acilt _bnc _2rdacarrier |
||
| 650 | 0 |
_aEnglish language--Study and teaching--Foreign speakers _911598 |
|
| 650 | 0 |
_aEnglish language--Spoken English _9114958 |
|
| 907 | _aDil | ||
| 942 |
_2lcc _cBK |
||
| 999 |
_c61750 _d61750 |
||